Análisis de la conferencia nacional del Partido Comunista Chino / (Record no. 67192)

MARC details
000 -LEADER
campo de control de longitud fija 00839nam a2200229 i 4500
001 - NÚMERO DE CONTROL
campo de control 67192
003 - IDENTIFICADOR DE NÚMERO DE CONTROL
campo de control ES-MaACL
005 - FECHA Y HORA DE LA ÚLTIMA TRANSACCIÓN
campo de control 20230906170008.0
007 - CAMPO FIJO DE DESCRIPCIÓN FÍSICA--INFORMACIÓN GENERAL
campo de control de longitud fija t|
008 - DATOS DE LONGITUD FIJA--INFORMACIÓN GENERAL
campo de control de longitud fija 040511s1986 cc ||||1| spa d
080 ## - NÚMERO DE LA CLASIFICACIÓN DECIMAL UNIVERSAL
Número de la Clasificación Decimal Universal 329.15(51)
100 1# - ENTRADA PRINCIPAL--NOMBRE DE PERSONA
Nombre de persona Yin, Ching-Yao.
9 (RLIN) 117637
245 10 - MENCIÓN DEL TÍTULO
Título Análisis de la conferencia nacional del Partido Comunista Chino /
Mención de responsabilidad, etc. por Yin Ching-Yao, Chang Cheng-Pang, Hung Yu-Chiao.
260 ## - PUBLICACIÓN, DISTRIBUCIÓN, ETC.
Lugar de publicación, distribución, etc. República China :
Nombre del editor, distribuidor, etc. Liga Mundial Anticomunista, Capítulo Chino :
-- Liga Anticomunista de Asia y del Pacífico Asiático,
Fecha de publicación, distribución, etc. 1986.
300 ## - DESCRIPCIÓN FÍSICA
Extensión 62 p. ;
Dimensiones 19 cm.
610 27 - PUNTO DE ACCESO ADICIONAL DE MATERIA--NOMBRE DE ENTIDAD CORPORATIVA
Nombre de entidad corporativa o nombre de jurisdicción como elemento de entrada Partido Comunista Chino.
9 (RLIN) 6134
650 #4 - PUNTO DE ACCESO ADICIONAL DE MATERIA--TÉRMINO DE MATERIA
Término de materia o nombre geográfico como elemento de entrada Comunismo-
Subdivisión geográfica China.
9 (RLIN) 11215
700 1# - ENTRADA AGREGADA--NOMBRE PERSONAL
Nombre de persona Chang, Chen-pang.
9 (RLIN) 37962
700 1# - ENTRADA AGREGADA--NOMBRE PERSONAL
Nombre de persona Hung, Yu-chiao.
9 (RLIN) 64735
710 2# - ENTRADA AGREGADA--NOMBRE DE ENTIDAD CORPORATIVA
Nombre de entidad corporativa o nombre de jurisdicción como elemento de entrada World Anti-Communist League.
9 (RLIN) 7573
852 ## - LOCALIZACIÓN
Ubicación ES-MaACL
Número de control de estantería 2177-F-3
Sublocalización o colección R.112265
Holdings
Estatus retirado Estado de pérdida Estado de daño No para préstamo Colección Biblioteca de origen Biblioteca actual Ubicación en estantería Fecha de adquisición Fuente de adquisición Total de préstamos Signatura topográfica completa Código de barras Visto por última vez Precio de reemplazo Tipo de ítem Koha
        Colección de folletos Biblioteca del Ateneo de Madrid Biblioteca del Ateneo de Madrid Depósito folletos 17/01/2008     2177-F-3 1070367 23/02/2023 23/02/2023 Folleto